Der Diskurs über "sexuellen Kindesmissbrauch": Struktur, Funktion und Hintergrund
| Main Author: | |
|---|---|
| Format: | Print Article |
| Language: | German |
| Published: |
2004
|
| In: |
Kriminologisches Journal
Year: 2004, Volume: 36, Issue: 1, Pages: 38-41 |
| Online Access: |
Volltext (kostenfrei) Volltext (kostenfrei) Volltext (kostenfrei) |
| Rights Information: | InC 1.0 |
| Check availability: | HBZ Gateway |
MARC
| LEADER | 00000caa a2200000 c 4500 | ||
|---|---|---|---|
| 001 | 1661022901 | ||
| 003 | DE-627 | ||
| 005 | 20260423145230.0 | ||
| 007 | tu | ||
| 008 | 040405s2004 xx ||||| 00| ||ger c | ||
| 035 | |a (DE-627)1661022901 | ||
| 035 | |a (DE-576)110762681 | ||
| 035 | |a (DE-599)BSZ110762681 | ||
| 040 | |a DE-627 |b ger |c DE-627 |e rda | ||
| 041 | |a ger | ||
| 100 | 1 | |a Rapold, Monika |d 1966- |e VerfasserIn |0 (DE-588)123019737 |0 (DE-627)082297754 |0 (DE-576)18433795X |4 aut | |
| 109 | |a Rapold, Monika 1966- | ||
| 245 | 1 | 4 | |a Der Diskurs über "sexuellen Kindesmissbrauch" |b Struktur, Funktion und Hintergrund |c Monika Rapold |
| 264 | 1 | |c 2004 | |
| 336 | |a Text |b txt |2 rdacontent | ||
| 337 | |a ohne Hilfsmittel zu benutzen |b n |2 rdamedia | ||
| 338 | |a Band |b nc |2 rdacarrier | ||
| 540 | |q DE-2619 |a Urheberrechtsschutz 1.0 |2 rs |u http://rightsstatements.org/vocab/InC/1.0/ | ||
| 773 | 0 | 8 | |i Enthalten in |t Kriminologisches Journal |d Weinheim : Beltz Juventa, 1969 |g 36(2004), 1, Seite 38-41 |w (DE-627)130092207 |w (DE-600)500591-7 |w (DE-576)018208223 |x 0341-1966 |7 nnas |
| 773 | 1 | 8 | |g volume:36 |g year:2004 |g number:1 |g pages:38-41 |
| 776 | 1 | |o 10.15496/publikation-119843 | |
| 856 | 4 | 1 | |u http://hdl.handle.net/10900/178519 |x Resolving-System |z kostenfrei |3 Volltext |7 0 |
| 856 | 4 | 1 | |u http://nbn-resolving.org/urn:nbn:de:bsz:21-dspace-1785199 |x Resolving-System |z kostenfrei |3 Volltext |7 0 |
| 856 | 4 | 1 | |u https://doi.org/10.15496/publikation-119843 |x Resolving-System |z kostenfrei |3 Volltext |7 0 |
| 951 | |a AR | ||
| ELC | |b 1 | ||
| LOK | |0 000 xxxxxcx a22 zn 4500 | ||
| LOK | |0 001 3414122863 | ||
| LOK | |0 003 DE-627 | ||
| LOK | |0 004 1661022901 | ||
| LOK | |0 005 20250815123927 | ||
| LOK | |0 008 100224||||||||||||||||ger||||||| | ||
| LOK | |0 040 |a DE-21-110 |c DE-627 |d DE-21-110 | ||
| LOK | |0 852 |a DE-21-110 | ||
| LOK | |0 852 1 |m p |9 00 | ||
| LOK | |0 938 |k p | ||
| LOK | |0 939 |a 2010-02-24 |b l01 | ||
| OAS | |a 1 | ||
| ORI | |a WA-MARC-krimdoka001.raw | ||
